Countries that have had coups - Statistics

General Stats
  • This quiz has been taken 381 times
  • The average score is 59 of 97
Answer Stats
Country % Correct
Russia
88%
China
86%
Iraq
86%
Pakistan
86%
Iran
84%
Brazil
81%
France
81%
Libya
79%
Afghanistan
78%
Chile
78%
Egypt
78%
Sudan
78%
Yemen
78%
Argentina
77%
Algeria
76%
Burma
76%
Indonesia
76%
Italy
76%
Panama
76%
Spain
76%
Turkey
76%
Congo (D.R)
75%
Congo (R)
75%
Ethiopia
75%
India
75%
Mexico
75%
Niger
75%
Somalia
75%
Cambodia
74%
Colombia
74%
Greece
74%
Peru
73%
Syria
73%
Thailand
73%
Cuba
72%
Haiti
72%
Chad
71%
Laos
70%
Nigeria
70%
Ukraine
70%
South Korea
69%
Paraguay
67%
Uganda
67%
Venezuela
67%
Bangladesh
66%
Bolivia
66%
Mali
66%
Guatemala
65%
Uruguay
65%
Nicaragua
64%
Poland
64%
Romania
64%
Tunisia
64%
Dominican Rep.
63%
Ecuador
63%
Bulgaria
61%
CAR
61%
Honduras
61%
El Salvador
60%
Eq. Guinea
60%
Oman
60%
Rwanda
60%
Serbia
58%
Hungary
57%
Guinea
56%
Guinea-Bissau
56%
Costa Rica
55%
Ghana
55%
Burundi
54%
Benin
53%
Burkina Faso
52%
Liberia
52%
South Africa
52%
Togo
49%
Philippines
48%
Grenada
46%
Azerbaijan
45%
Ivory Coast
45%
Sierra Leone
45%
Suriname
45%
Georgia
44%
Gambia
43%
Mauritania
43%
Sweden
42%
Denmark
35%
Fiji
32%
Cyprus
31%
Lithuania
31%
Netherlands
31%
Madagascar
30%
Switzerland
28%
Lesotho
23%
Comoros
20%
Kyrgyzstan
19%
Seychelles
18%
Sao Tome
16%
Solomon Islands
12%
No matching quizzes found
Score Distribution
Percent of People with Each Score
Percentile by Number Answered
Your Score History
You have not taken this quiz